De montes, ríos y ciudades: territorios e identidades de la gente negra en Colombia / (Registro nro. 3629)
[ vista simple ]
| 000 -LEADER | |
|---|---|
| fixed length control field | 01466nam a2200277Ia 4500 |
| 003 - CONTROL NUMBER IDENTIFIER | |
| control field | OSt |
| 005 - DATE AND TIME OF LATEST TRANSACTION | |
| control field | 20200505103809.0 |
| 008 - FIXED-LENGTH DATA ELEMENTS--GENERAL INFORMATION | |
| fixed length control field | 191128s1999 ck ad gr 000 0 spa d |
| 020 ## - INTERNATIONAL STANDARD BOOK NUMBER | |
| International Standard Book Number | 9589571255 |
| 040 ## - CATALOGING SOURCE | |
| Original cataloging agency | CO-JMCR |
| Transcribing agency | CO-JMCR |
| 041 0# - LANGUAGE CODE | |
| Language code of text/sound track or separate title | spa |
| 082 04 - DEWEY DECIMAL CLASSIFICATION NUMBER | |
| Classification number | 305.896 / |
| Item number | A267d |
| 100 1# - MAIN ENTRY--PERSONAL NAME | |
| Personal name | Agier, Michel, |
| Relator term | autora |
| 9 (RLIN) | 3898 |
| 245 #0 - TITLE STATEMENT | |
| Title | De montes, ríos y ciudades: territorios e identidades de la gente negra en Colombia / |
| Statement of responsibility, etc. | Agier, Michel, Álvarez, Manuel, Cortés, Hernán, |
| 250 ## - EDITION STATEMENT | |
| Edition statement | Primera edición |
| 260 ## - PUBLICATION, DISTRIBUTION, ETC. | |
| Place of publication, distribution, etc. | Bogotá : |
| Name of publisher, distributor, etc. | Fundación Natura : Instituto Colombiano de Antropología : Ecofondo, |
| Date of publication, distribution, etc. | 1999 |
| 300 ## - PHYSICAL DESCRIPTION | |
| Extent | 354 páginas : |
| Other physical details | ilustraciones y gráficas ; |
| Dimensions | 21 cm. |
| 505 ## - FORMATTED CONTENTS NOTE | |
| Formatted contents note | Memorias e identidad: los negro-colombianos del Chocó / Anne-Marie Losonczy -- Espacio e identidad en el Pacífico colombiano / Ulrich Oslender -- Hábitats y espacio productivo y residencial en las aldeas parentales del Pacífico / Gilma Mosquera |
| 520 ## - SUMMARY, ETC. | |
| Summary, etc. | En este libro se reunen los estudios más recientes adelantados por diferentes investigadores nacionales y extranjeros sobre los territorios y las identidades de la gente negra en Colombia. |
| 650 14 - SUBJECT ADDED ENTRY--TOPICAL TERM | |
| Topical term or geographic name entry element | Identidad cultural |
| Geographic subdivision | Chocó (Colombia) |
| 9 (RLIN) | 3899 |
| 650 24 - SUBJECT ADDED ENTRY--TOPICAL TERM | |
| Topical term or geographic name entry element | Negros |
| General subdivision | Condiciones sociales |
| Geographic subdivision | Chocó (Colombia) |
| 9 (RLIN) | 3900 |
| 650 24 - SUBJECT ADDED ENTRY--TOPICAL TERM | |
| Topical term or geographic name entry element | Tendencia de la tierra |
| Geographic subdivision | Chocó (Colombia) |
| 9 (RLIN) | 3901 |
| 700 1# - ADDED ENTRY--PERSONAL NAME | |
| Personal name | Álvarez, Manuel, |
| Relator term | autor |
| 9 (RLIN) | 3902 |
| 700 1# - ADDED ENTRY--PERSONAL NAME | |
| Personal name | Cortés, Hernán, |
| Relator term | autor |
| 9 (RLIN) | 3903 |
| 942 ## - ADDED ENTRY ELEMENTS (KOHA) | |
| Source of classification or shelving scheme | Dewey Decimal Classification |
| Koha item type | Books |
| Withdrawn status | Lost status | Source of classification or shelving scheme | Materials specified (bound volume or other part) | Damaged status | Not for loan | Home library | Current library | Shelving location | Date acquired | Source of acquisition | Cost, normal purchase price | Total Checkouts | Full call number | Barcode | Date last seen | Date last checked out | Copy number | Price effective from | Koha item type |
|---|---|---|---|---|---|---|---|---|---|---|---|---|---|---|---|---|---|---|---|
| Dewey Decimal Classification | Donación--12/07/2018-- | Biblioteca Pública José María del Castillo y Rada | Biblioteca Pública José María del Castillo y Rada | General Stacks | 11/28/2019 | Donación | 0.00 | 2 | 305.896 / A267d | 201807503 | 05/07/2025 | 05/06/2025 | Ej.1 | 11/28/2019 | Books |